Top 10 Città più popolose Provincia di Forlì-Cesena - Statistics

Statistiche generali
  • Questo quiz è stato fatto 20 volte
  • Il punteggio medio è 6 su 10
Statistiche sulle risposte
Popolazione (ab.) Città % Corretto
95 990 Cesena
100%
116 434 Forlì
100%
25 412 Cesenatico
75%
12 982 Forlimpopoli
75%
17 521 Savignano sul Rubicone
56%
10 000 Meldola
44%
10 798 Bertinoro
38%
10 238 Gambettola
38%
11 090 San Mauro Pascoli
31%
8 910 Gatteo
25%
Nessun quiz corrispondente trovato
Distribuzione punteggi
Percentuale di utenti per punteggio
Percentile per numero di risposta
I tuoi punteggi nel tempo
Non hai fatto questo quiz